[Event "NATO-ch 32nd"]
[Site "Tartu"]
[Date "2022.06.29"]
[Round "4"]
[White "Ross, David C"]
[Black "Csizmadia, Csaba"]
[Result "1-0"]
[WhiteElo "1677"]
[BlackElo "1875"]
[PlyCount "75"]
[EventDate "2022.06.27"]
[EventType "swiss"]
[EventRounds "7"]
[EventCountry "EST"]
[SourceTitle "CBM 209 Extra"]
[Source "ChessBase"]
[SourceDate "2022.09.30"]
[SourceVersion "1"]
[SourceVersionDate "2022.09.30"]
[SourceQuality "1"]

1. e4 c5 2. Nf3 e6 3. Bd3 Nc6 4. c3 g6 5. Bc2 Bg7 6. d4 cxd4 7. cxd4 d5 8. e5 Qb6 9. Nc3 Nge7 10. 0-0 Bd7 11. a3 Na5 12. Rb1 Rc8 13. Na4 Bxa4 14. Bxa4+ Nac6 15. Bf4 0-0 16. Qd2 Nf5 17. Bxc6 Rxc6 18. g4 Ne7 19. Bh6 Rfc8 20. Bxg7 Kxg7 21. Rbc1 Qb3 22. Rxc6 Rxc6 23. Qf4 Ng8 24. Ng5 Rc7 25. h4 h6 26. Nf3 Qxb2 27. h5 Qxa3 28. g5 Qe7 29. Kg2 hxg5 30. Nxg5 Nh6 31. Rh1 Nf5 32. hxg6 Kxg6 33. Nf3 f6 34. Qg4+ Kf7 35. Rh7+ Ke8 36. Rxe7+ Rxe7 37. exf6 Rf7 38. Qg8+ 1-0

[Event "NATO-ch 27th"]
[Site "Shrivenham"]
[Date "2016.08.25"]
[Round "6"]
[White "Hendy, Jerry"]
[Black "Csizmadia, Csaba"]
[Result "1/2-1/2"]
[WhiteElo "1662"]
[BlackElo "1893"]
[PlyCount "81"]
[EventDate "2016.08.22"]
[EventType "swiss"]
[EventRounds "7"]
[EventCountry "ENG"]
[SourceTitle "EXT 2018"]
[Source "ChessBase"]
[SourceDate "2017.10.13"]
[SourceVersion "1"]
[SourceVersionDate "2017.10.13"]
[SourceQuality "1"]

1. e4 c5 2. Nf3 e6 3. d4 cxd4 4. Nxd4 a6 5. Nc3 Qc7 6. a3 g6 7. Bd3 Bg7 8. Be3 Nf6 9. 0-0 0-0 10. f4 d6 11. h3 Nc6 12. Nf3 b5 13. Be2 Bb7 14. g4 Ne7 15. Nd2 d5 16. e5 Ne4 17. Ncxe4 dxe4 18. c4 bxc4 19. Nxc4 Nd5 20. Qb3 Nxe3 21. Qxe3 Bd5 22. Rac1 Qa7 23. Qxa7 Rxa7 24. b4 f5 25. exf6 Bxf6 26. Ne5 Bh4 27. Kh2 e3 28. Rc3 Bf2 29. Nd3 Raf7 30. Nxf2 Rxf4 31. Rxe3 Rxf2+ 32. Rxf2 Rxf2+ 33. Kg3 Rg2+ 34. Kf4 Kf7 35. Ke5 Ke7 36. Bxa6 h5 37. Be2 Rf2 38. gxh5 gxh5 39. Kd4 h4 40. Bg4 Kd6 41. Re2 1/2-1/2

[Event "NATO-ch 26th"]
[Site "Amsterdam"]
[Date "2015.07.09"]
[Round "5.29"]
[White "Csizmadia, Csaba"]
[Black "Hater, David"]
[Result "1/2-1/2"]
[WhiteElo "1863"]
[BlackElo "2034"]
[PlyCount "98"]
[EventDate "2015.07.06"]
[EventType "swiss"]
[EventRounds "7"]
[EventCountry "NED"]
[SourceTitle "EXT 2016"]
[Source "ChessBase"]
[SourceDate "2015.10.08"]
[SourceVersion "1"]
[SourceVersionDate "2015.10.08"]
[SourceQuality "1"]
[WhiteTeam "Hungary"]
[BlackTeam "Veteran Captains"]
[WhiteTeamCountry "HUN"]

1. d4 Nf6 2. c4 g6 3. Nc3 d5 4. Nf3 Bg7 5. e3 0-0 6. b4 Bf5 7. Bd3 Bxd3 8. Qxd3 Nc6 9. a3 Re8 10. 0-0 e5 11. dxe5 Nxe5 12. Nxe5 Rxe5 13. Rd1 Rh5 14. Bb2 Ng4 15. h3 Ne5 16. Qxd5 Qxd5 17. Nxd5 Nf3+ 18. gxf3 Bxb2 19. Ra2 c6 20. Rxb2 cxd5 21. Rxd5 Rxh3 22. Kg2 Rh4 23. Rbd2 Rxc4 24. Rd8+ Rxd8 25. Rxd8+ Kg7 26. Rd7 Rc3 27. a4 a5 28. bxa5 Rc4 29. Rxb7 Rxa4 30. Rb5 h5 31. f4 Ra2 32. Kg3 Ra1 33. Kg2 Ra2 34. Kf3 Ra3 35. Rg5 f5 36. Kg2 Ra4 37. Kf3 Rxa5 38. Rg1 Ra2 39. Rb1 Kh6 40. Rh1 Rb2 41. Rh2 Rb1 42. Kg2 Kg7 43. Kf3 Kf6 44. Rg2 Rh1 45. Ke2 Ra1 46. Rh2 Rg1 47. Kf3 Ra1 48. Rg2 Rh1 49. Ke2 Ra1 1/2-1/2

[Event "NATO-ch 25th"]
[Site "Quebec"]
[Date "2014.09.12"]
[Round "7"]
[White "Csizmadia, Csaba"]
[Black "Farrell, John F"]
[Result "0-1"]
[WhiteElo "1863"]
[BlackElo "2054"]
[PlyCount "44"]
[EventDate "2014.09.08"]
[EventType "team-swiss"]
[EventRounds "7"]
[EventCountry "CAN"]
[SourceTitle "EXT 2015"]
[Source "ChessBase"]
[SourceDate "2014.11.20"]
[SourceVersion "1"]
[SourceVersionDate "2014.11.20"]
[SourceQuality "1"]
[WhiteTeam "Hungary"]
[BlackTeam "NATO"]
[WhiteTeamCountry "HUN"]

1. d4 d5 2. c4 dxc4 3. Nc3 Nf6 4. e3 a6 5. a4 e6 6. Bxc4 Nc6 7. Nf3 Bb4 8. 0-0 0-0 9. Qc2 h6 10. h3 Re8 11. Rd1 Qe7 12. Bd2 e5 13. d5 e4 14. Nh2 Na7 15. Qb3 Bd6 16. Nf1 Qe5 17. Ne2 Qg5 18. Kh1 Bd7 19. Bb4 Nc8 20. Bc3 Nb6 21. a5 Nxc4 22. Qxc4 Bb5 0-1

[Event "NATO-ch 25th"]
[Site "Quebec"]
[Date "2014.09.11"]
[Round "6"]
[White "Tremblay, Mario"]
[Black "Csizmadia, Csaba"]
[Result "0-1"]
[WhiteElo "1653"]
[BlackElo "1863"]
[PlyCount "42"]
[EventDate "2014.09.08"]
[EventType "team-swiss"]
[EventRounds "7"]
[EventCountry "CAN"]
[SourceTitle "EXT 2015"]
[Source "ChessBase"]
[SourceDate "2014.11.20"]
[SourceVersion "1"]
[SourceVersionDate "2014.11.20"]
[SourceQuality "1"]
[WhiteTeam "Canada"]
[BlackTeam "Hungary"]
[WhiteTeamCountry "CAN"]
[BlackTeamCountry "HUN"]

1. e4 c5 2. Nc3 e6 3. f4 g6 4. Nf3 Bg7 5. Bc4 Nc6 6. d3 Nge7 7. 0-0 0-0 8. Qe1 d5 9. Bb3 a6 10. a4 Rb8 11. f5 exf5 12. Qh4 fxe4 13. dxe4 c4 14. Bf4 cxb3 15. Bxb8 Nxb8 16. exd5 bxc2 17. Ng5 h6 18. Nxf7 Rxf7 19. Rxf7 Kxf7 20. Ne4 Qxd5 21. Rf1+ Bf5 0-1

[Event "NATO-ch 23nd"]
[Site "Brest"]
[Date "2012.10.01"]
[Round "1"]
[White "Alaslar, Devrim"]
[Black "Csizmadia, Csaba"]
[Result "1-0"]
[WhiteElo "2153"]
[BlackElo "1913"]
[PlyCount "47"]
[EventDate "2012.10.01"]
[EventType "swiss"]
[EventRounds "7"]
[EventCountry "FRA"]
[SourceTitle "CBM 150 Extra"]
[Source "ChessBase"]
[SourceDate "2012.10.19"]
[SourceVersion "1"]
[SourceVersionDate "2012.10.19"]
[SourceQuality "1"]

1. e4 c5 2. Nc3 e6 3. f4 g6 4. d4 cxd4 5. Qxd4 Nf6 6. Be3 Nc6 7. Qd2 Bb4 8. e5 Ne4 9. Qd3 Nxc3 10. bxc3 Be7 11. Nf3 0-0 12. Be2 d6 13. 0-0 dxe5 14. fxe5 Qa5 15. Bd4 Rd8 16. Qe3 Qa3 17. Qf4 Nxd4 18. cxd4 Bd7 19. Nd2 Be8 20. Ne4 Rxd4 21. Nf6+ Kh8 22. Qh6 Rh4 23. Qxh4 Qe3+ 24. Kh1 1-0

[Event "NATO-ch 22nd"]
[Site "Kaunas"]
[Date "2011.08.10"]
[Round "4"]
[White "Lustig, Mickael"]
[Black "Csizmadia, Csaba"]
[Result "1-0"]
[WhiteElo "2019"]
[BlackElo "1888"]
[PlyCount "153"]
[EventDate "2011.08.08"]
[EventType "swiss"]
[EventRounds "7"]
[EventCountry "LTU"]
[SourceTitle "CBM 143 Extra"]
[Source "ChessBase"]
[SourceDate "2011.08.29"]
[SourceVersion "1"]
[SourceVersionDate "2011.08.29"]
[SourceQuality "1"]

1. e4 c5 2. Ne2 e6 3. Nbc3 a6 4. g3 Nc6 5. Bg2 Qc7 6. d3 b5 7. Be3 Bb7 8. a3 d6 9. 0-0 g6 10. f4 Bg7 11. d4 cxd4 12. Nxd4 Nge7 13. f5 exf5 14. exf5 Be5 15. fxg6 hxg6 16. Nd5 Nxd5 17. Bxd5 f5 18. Ne6 Qh7 19. h4 Nd8 20. Ng5 Qg7 21. Re1 Ke7 22. Bxb7 Nxb7 23. Qd5 Rhb8 24. Rad1 Qg8 25. Qxg8 Rxg8 26. Bf4 Kf6 27. Bxe5+ dxe5 28. Rd7 Rg7 29. Nh7+ Rxh7 30. Rxh7 Nd6 31. Rd1 Ne4 32. Kg2 Rc8 33. c3 Rc6 34. Rdd7 Nd6 35. Rc7 Rb6 36. b3 e4 37. Kf2 a5 38. Rh8 a4 39. Rf8+ Ke6 40. b4 Nc4 41. Rxc4 bxc4 42. Rg8 Kd5 43. Ra8 Ke5 44. Ra5+ Kf6 45. Rd5 Ke6 46. Rd4 Rc6 47. Ke3 Ke5 48. b5 Rc5 49. b6 Rb5 50. Rxc4 Rxb6 51. Rxa4 Rb3 52. Ra5+ Kf6 53. Kd4 Rb1 54. Ra6+ Kg7 55. a4 Rg1 56. a5 Rxg3 57. Ra7+ Kf6 58. a6 Rd3+ 59. Kc4 Rd8 60. Rb7 Ke5 61. a7 Ra8 62. Re7+ Kf4 63. Kb5 e3 64. Kb6 Kf3 65. c4 e2 66. Kb7 Rg8 67. a8Q Rxa8 68. Kxa8 Kf2 69. c5 e1Q 70. Rxe1 Kxe1 71. c6 f4 72. c7 f3 73. c8Q f2 74. Qe6+ Kd2 75. Qf6 Ke2 76. Qxg6 f1Q 77. Qa6+ 1-0